<?xml version="1.0" encoding="UTF-8"?>
<collection xmlns="http://www.loc.gov/MARC21/slim">
<record>
  <controlfield tag="001">117262</controlfield>
  <controlfield tag="005">20221221141557.0</controlfield>
  <datafield tag="024" ind1="7" ind2=" ">
    <subfield code="2">doi</subfield>
    <subfield code="a">10.26512/rhla.v20i2.38146</subfield>
  </datafield>
  <datafield tag="024" ind1="8" ind2=" ">
    <subfield code="2">sideral</subfield>
    <subfield code="a">128984</subfield>
  </datafield>
  <datafield tag="037" ind1=" " ind2=" ">
    <subfield code="a">ART-2021-128984</subfield>
  </datafield>
  <datafield tag="041" ind1=" " ind2=" ">
    <subfield code="a">spa</subfield>
  </datafield>
  <datafield tag="100" ind1=" " ind2=" ">
    <subfield code="a">Silvestre Miralles, Alicia</subfield>
    <subfield code="u">Universidad de Zaragoza</subfield>
    <subfield code="0">(orcid)0000-0002-2923-9424</subfield>
  </datafield>
  <datafield tag="245" ind1=" " ind2=" ">
    <subfield code="a">Una experiencia de ética y aprendizaje-servicio entre alumnos de traducción y niños y adolescentes con vulnerabilidad social</subfield>
  </datafield>
  <datafield tag="260" ind1=" " ind2=" ">
    <subfield code="c">2021</subfield>
  </datafield>
  <datafield tag="506" ind1="0" ind2=" ">
    <subfield code="a">Access copy available to the general public</subfield>
    <subfield code="f">Unrestricted</subfield>
  </datafield>
  <datafield tag="520" ind1="3" ind2=" ">
    <subfield code="a">Enmarcada en el proyecto de investigación de Posgrado ¿Ética en la formación de profesores de lenguas¿, esta experiencia de Aprendizaje-Servicio narra el proyecto de extensión universitaria, dirigido a niños y adolescentes en situación de vulnerabilidad social y ejecutado por diez estudiantes de Traducción-Español de la Universidad de Brasilia en 2015-2016. Sus objetivos fueron fomentar la labor social, la práctica docente para universitarios desarrollar de una conciencia y ética profesional mediante la impartición de cursos de español instrumental. Articulada en la observación y reflexión previa y posterior, la investigación, de diseño mixto, cuenta con análisis de casos y cuestionarios abiertos para conocer las creencias, expectativas y opiniones de los estudiantes. Las bases teóricas de apoyo fueron Rodríguez-Gallego y Ordóñez-Sierra (2015) y Puig et al. (2011). Como resultado, mejoró el rendimiento académico de los estudiantes universitarios y afianzó conceptos teóricos. En lo personal, se perfeccionaron habilidades sociales y comunicativas. En el aspecto profesional, se adquirieron cualidades y competencias para el ejercicio docente. Por último, en el ámbito social se tomó mayor conciencia de las desigualdades.</subfield>
  </datafield>
  <datafield tag="540" ind1=" " ind2=" ">
    <subfield code="9">info:eu-repo/semantics/openAccess</subfield>
    <subfield code="a">by-nc-nd</subfield>
    <subfield code="u">http://creativecommons.org/licenses/by-nc-nd/3.0/es/</subfield>
  </datafield>
  <datafield tag="655" ind1=" " ind2="4">
    <subfield code="a">info:eu-repo/semantics/article</subfield>
    <subfield code="v">info:eu-repo/semantics/publishedVersion</subfield>
  </datafield>
  <datafield tag="710" ind1="2" ind2=" ">
    <subfield code="1">3013</subfield>
    <subfield code="2">567</subfield>
    <subfield code="a">Universidad de Zaragoza</subfield>
    <subfield code="b">Dpto. Lingüíst.y Liter.Hispán.</subfield>
    <subfield code="c">Área Lengua Española</subfield>
  </datafield>
  <datafield tag="773" ind1=" " ind2=" ">
    <subfield code="g">20, 2 (2021), AG4</subfield>
    <subfield code="t">Revista Horizontes de Lingüística Aplicada</subfield>
    <subfield code="x">1677-9770</subfield>
  </datafield>
  <datafield tag="856" ind1="4" ind2=" ">
    <subfield code="s">658977</subfield>
    <subfield code="u">http://zaguan.unizar.es/record/117262/files/texto_completo.pdf</subfield>
    <subfield code="y">Versión publicada</subfield>
  </datafield>
  <datafield tag="856" ind1="4" ind2=" ">
    <subfield code="s">2117978</subfield>
    <subfield code="u">http://zaguan.unizar.es/record/117262/files/texto_completo.jpg?subformat=icon</subfield>
    <subfield code="x">icon</subfield>
    <subfield code="y">Versión publicada</subfield>
  </datafield>
  <datafield tag="909" ind1="C" ind2="O">
    <subfield code="o">oai:zaguan.unizar.es:117262</subfield>
    <subfield code="p">articulos</subfield>
    <subfield code="p">driver</subfield>
  </datafield>
  <datafield tag="951" ind1=" " ind2=" ">
    <subfield code="a">2022-12-21-14:02:29</subfield>
  </datafield>
  <datafield tag="980" ind1=" " ind2=" ">
    <subfield code="a">ARTICLE</subfield>
  </datafield>
</record>
</collection>